00461nam a22001457a 450000100060000000300090000600800410001504000160005610000240007224500850009626000770018130000140025850100150027250400280028745654BD-DhUET260421b xxu||||| |||| 00| 0 eng d c0dBD-DhUET aMashiur Rahman, MD. aDevelopment of a low-cost embedded data acquisition system for concrete RCP test aDhakabInstitute of Information and Communication Technology, BUETc2025 axii, 61p. aOne CD-ROM aIncludes bibliographies